00412nam a2200085Ia 4500008004100000245010700041260000900148300012100157650004800278180130s9999 xx 000 0 und d cLindsay, William R.; Willner, Paul; Sturmey, PeteraCognitive-behavioral therapy for anxiety disorders c2013 aBook title: Psychological therapies for adults with intellectual disabilities--Acession number C20702; pages 101-116 aPEOPLE WITH MENTAL DISABILITIES--PSYCHOLOGY